<?xml version="1.0" encoding="UTF-8"?>
<record
    xmlns:xsi="http://www.w3.org/2001/XMLSchema-instance"
    xsi:schemaLocation="http://www.loc.gov/MARC21/slim http://www.loc.gov/standards/marcxml/schema/MARC21slim.xsd"
    xmlns="http://www.loc.gov/MARC21/slim">

  <leader>00946nam a22001697a 4500</leader>
  <controlfield tag="005">20240715143258.0</controlfield>
  <controlfield tag="008">240715b           ||||| |||| 00| 0 eng d</controlfield>
  <datafield tag="020" ind1=" " ind2=" ">
    <subfield code="a">9781439046685</subfield>
  </datafield>
  <datafield tag="050" ind1=" " ind2=" ">
    <subfield code="a">QA154.3(7e)</subfield>
  </datafield>
  <datafield tag="100" ind1=" " ind2=" ">
    <subfield code="9">Aufmann, Richard N. </subfield>
    <subfield code="d">Barker, Vernon C et al</subfield>
  </datafield>
  <datafield tag="245" ind1=" " ind2=" ">
    <subfield code="a">Intermediate Algebra with application</subfield>
    <subfield code="c">Richard N. Aufmann et al</subfield>
  </datafield>
  <datafield tag="260" ind1=" " ind2=" ">
    <subfield code="a">Belmont</subfield>
    <subfield code="b">Brookcole Cengage Learning</subfield>
    <subfield code="c">2010. </subfield>
  </datafield>
  <datafield tag="300" ind1=" " ind2=" ">
    <subfield code="a">xxxv, 781 + pagings</subfield>
    <subfield code="b">ill.: col, </subfield>
    <subfield code="c">25</subfield>
  </datafield>
  <datafield tag="500" ind1=" " ind2=" ">
    <subfield code="a">Include: Appendix glossary index</subfield>
  </datafield>
  <datafield tag="505" ind1=" " ind2=" ">
    <subfield code="a">Contents: Review of real numbers -- First-degree equations and inequalities -- Linear functions and inequalities in two variables -- Systems of equations and inequalities -- Polynomials and exponents -
Rational expressions -- Rational exponent and radicals -- Quadratic equations and inequalities -- Functions and relations -- Exponential and logarithmic functions -- Sequences and series -- Conic section </subfield>
  </datafield>
  <datafield tag="942" ind1=" " ind2=" ">
    <subfield code="2">lcc</subfield>
    <subfield code="c">BK</subfield>
  </datafield>
  <datafield tag="999" ind1=" " ind2=" ">
    <subfield code="c">10273</subfield>
    <subfield code="d">17773</subfield>
  </datafield>
  <datafield tag="952" ind1=" " ind2=" ">
    <subfield code="0">0</subfield>
    <subfield code="1">0</subfield>
    <subfield code="2">lcc</subfield>
    <subfield code="4">0</subfield>
    <subfield code="7">0</subfield>
    <subfield code="a">WIUC-1</subfield>
    <subfield code="b">WIUC-1</subfield>
    <subfield code="c">REF</subfield>
    <subfield code="d">2024-07-15</subfield>
    <subfield code="l">0</subfield>
    <subfield code="o">QA154.3(7e)</subfield>
    <subfield code="p">9776/477/21</subfield>
    <subfield code="r">2024-07-15 00:00:00</subfield>
    <subfield code="t">1</subfield>
    <subfield code="w">2024-07-15</subfield>
    <subfield code="y">BK</subfield>
  </datafield>
  <datafield tag="952" ind1=" " ind2=" ">
    <subfield code="0">0</subfield>
    <subfield code="1">0</subfield>
    <subfield code="2">lcc</subfield>
    <subfield code="4">0</subfield>
    <subfield code="7">0</subfield>
    <subfield code="a">WIUC-1</subfield>
    <subfield code="b">WIUC-1</subfield>
    <subfield code="c">REF</subfield>
    <subfield code="d">2024-07-15</subfield>
    <subfield code="l">0</subfield>
    <subfield code="o">QA154.31(7e)</subfield>
    <subfield code="p">9777/478/24</subfield>
    <subfield code="r">2024-07-15 00:00:00</subfield>
    <subfield code="t">2</subfield>
    <subfield code="w">2024-07-15</subfield>
    <subfield code="y">BK</subfield>
  </datafield>
  <datafield tag="952" ind1=" " ind2=" ">
    <subfield code="0">0</subfield>
    <subfield code="1">0</subfield>
    <subfield code="2">lcc</subfield>
    <subfield code="4">0</subfield>
    <subfield code="7">0</subfield>
    <subfield code="a">WIUC-1</subfield>
    <subfield code="b">WIUC-1</subfield>
    <subfield code="c">REF</subfield>
    <subfield code="d">2024-07-15</subfield>
    <subfield code="l">0</subfield>
    <subfield code="o">QA154.32(7e)</subfield>
    <subfield code="p">9778/479/24</subfield>
    <subfield code="r">2024-07-15 00:00:00</subfield>
    <subfield code="t">3</subfield>
    <subfield code="w">2024-07-15</subfield>
    <subfield code="y">BK</subfield>
  </datafield>
</record>
